000 01085cam a2200289 a 4500
001 1121652
003 CO-ViMGA
005 20230915233607.0
008 070427s2007 ck a jr 00010 spa d
020 _a9789583025723
040 _aCO-ViMGA
_bspa
_cCO-ViMGA
041 1 _hita
082 0 4 _aI591.5
_bB17m
_221 ed.
100 1 _aBarsotti, Renzo.
_975
245 1 0 _aMi primer libro de animales /
_cRenzo Barsotti ; traduccion̤ Gabriela Garcia̕ de la Torre ; ilustraciones Maria̕ Mantovani.
250 _aEdicion̤ Luisa Noguera Arrieta.
260 3 _aBogota :̀
_bPanamericana Editorial,
_c2007.
300 _a40 p. :
_bil. ;
_c31 cm.
534 _pTit̕ulo original :
_tIl primo libro degil animali.
650 1 4 _aAnimales
_x Hab̀itos y conducta
_x Literatura infantil.
_976
650 1 4 _aAnimales
_x Literatura infantil.
_977
650 1 6 _aMecanismos de defensa (Zoologia̕)
_969
700 1 2 _aGarcia̕ de la Torre, Gabriela,
_d1970-,
_etr.
_971
700 1 2 _aMantovani, Maria̕,
_eil.
_973
700 1 2 _aNoguera Arrieta, Luisa Margarita,
_eed.
_974
942 _2ddc
_cBK
999 _c37128
_d37128